Worst foods by country - Statistics

General Stats
  • This quiz has been taken 4 times
  • The average score is 6 of 30
Answer Stats
Hint Extra Hint Answer % Correct
4 Blodplättar Sweden
100%
25 Paniki Indonesia
67%
5 Truchas a la Navarra Spain
67%
11 Hon mhai Thailand
67%
12 Aginares salata Greece
33%
2 Svið Iceland
33%
3 Thorramatur Iceland
33%
28 Sneem black pudding Ireland
33%
27 Gelato alla liquirizia Italy
33%
17 Żymlok Poland
33%
14 Tortilla paisana Spain
33%
26 Angulas a la cazuela Spain
33%
13 Ambuyat Brunei
0%
6 Milcao Chile
0%
10 Chapalele Chile
0%
9 Jellied eels England
0%
20 Khoresh kangar Iran
0%
8 Kugel yerushalmi Israel
0%
19 Kichel Israel
0%
16 Nervetti Italy
0%
29 Ganmodoki Japan
0%
1 Pizza Vulkanen Sweden
0%
7 Blodpalt Sweden
0%
15 Heusuppe Switzerland
0%
24 Kaeng hang le Thailand
0%
22 Balaleet UAE
0%
18 Ramen Burger USA
0%
21 Cookie Salad USA
0%
30 Glorified Rice USA
0%
23 Sadza Zimbabwe
0%
No matching quizzes found
Score Distribution
Percent of People with Each Score
Percentile by Number Answered
Your Score History
You have not taken this quiz